| 000 | 01016cas a22003134a 4500 | ||
|---|---|---|---|
| 001 | muse67546 | ||
| 003 | MdBmJHUP | ||
| 005 | 20210127151220.0 | ||
| 006 | m o d | ||
| 007 | cr||||||||nn|n | ||
| 008 | 880813u xx o 00 0 und d | ||
| 010 | _zsv 88047728 | ||
| 020 | _a9781501726293 | ||
| 020 | _a1501726293 | ||
| 020 | _z9781501727849 | ||
| 035 | _a(OCoLC)1057696842 | ||
| 040 |
_aMdBmJHUP _cMdBmJHUP |
||
| 245 | 0 | 0 |
_aLord I'm Coming Home _bEveryday Aesthetics in Tidewater North Carolina |
| 300 |
_a1 online resource. _a1 online resource. |
||
| 506 | 0 |
_aOpen Access _fUnrestricted online access _2star |
|
| 588 | _aDescription based on print version record. | ||
| 655 | 7 |
_aElectronic books. _2local |
|
| 710 | 2 |
_aProject Muse. _edistributor |
|
| 830 | 0 | _aBook collections on Project MUSE. | |
| 856 | 4 | 0 |
_zFull text available: _uhttps://muse.jhu.edu/book/58043/ |
| 999 |
_c25048 _d25048 |
||